|
|
|
|
| LEADER |
00938nam a22002417a 4500 |
| 001 |
33082 |
| 003 |
BD-DhAAL |
| 005 |
20180530122213.0 |
| 008 |
180530t2018 bg a 001 0 eng d |
| 999 |
|
|
|c 39482
|d 39482
|
| 040 |
|
|
|a BD-DhAAL
|
| 082 |
0 |
0 |
|a 541
|2 22
|
| 100 |
|
|
|a Huque, Md. Monimul
|9 26098
|
| 245 |
1 |
0 |
|a Advanced physical chemistry for under-graduate & graduate students,
|n Part 2 /
|c Md. Monimul Huque and Anika Auni
|
| 260 |
|
|
|a Dhaka :
|b Venus Prokashoni,
|c 2018
|
| 300 |
|
|
|a 489-982 pages :
|b illustrations,
|c 24 cm.
|
| 500 |
|
|
|a Includes index.
|
| 541 |
|
|
|a Complimentary copy
|e 33082
|
| 650 |
|
|
|a Chemistry, Physical and theoretical
|9 26099
|
| 700 |
|
|
|a Auni, Anika
|9 26100
|
| 852 |
1 |
|
|a Ayesha Abed Library
|c General Stacks
|
| 942 |
0 |
0 |
|2 ddc
|c BK
|
| 952 |
|
|
|0 0
|1 0
|2 ddc
|4 0
|6 541_000000000000000_HUQ
|7 0
|9 63472
|a BRACUL
|b BRACUL
|c GEN
|d 2018-05-30
|e Complimentary copy
|l 11
|m 19
|o 541 HUQ
|p 3010033082
|r 2025-04-30
|s 2025-04-17
|t 1
|w 2018-05-30
|y BK
|